=LDR 00000nam 2200000 4500 =001 INLIS000000000054003 =005 20200318072829 =035 ##$$a 0010-0519000065 =007 ta =008 200318################g##########0#ind## =020 ##$$a 978-979-24-9338-2 =082 ##$$a 200.19 =084 ##$$a 200.19 RAM p =100 #$$a Ramayulis =245 1#$$a Psikologi Agama /$c Prof.DR. H.Ramayulis =250 ##$$a Cet 11 =260 ##$$a Jakarta :$b Kalam Mulia,$c 2016 =300 ##$$a ix, 248 hlm. : $b ilus. ; $c 24 X 15 cm =650 #4$$a Agama-Psikologi =504 ##$$a Bibliografi : hlm. 239-246 =520 ##$$a Biografi : hlm. 247-248 =990 ##$$a 51900038